000 00549nam a2200193Ia 4500
005 20250508162617.0
008 008 250505s9999 xx 000 0 hin d
037 _aTextual
040 _aFEDL
_beng
_cFEDL
041 _ahin
_2eng
084 _a371.2, SHA
_qFEDL
100 _aSharma Shivkumar
_9441172
245 0 _aManviya sambandh aur vidyalayee-vyavastha
260 _aDelhi, India
_bYoung Man and Co.
_c1983
300 _a140p.
650 _aSchool Administration
942 _cTEXL
_h371.2, SHA
999 _c1377625
_d1377625